EDAMBA 2009 medzinárodná vedecká konferencia doktorandov a mladých vedeckých pracovníkov : zborník

Na minha lista:
Detalhes bibliográficos
Corporate Authors: EDAMBA 2009. Medzinárodná vedecká konferencia doktorandov, Ekonomická univerzita v Bratislave
Outros Autores: Némethová, Petra, Lesáková, Dagmar, 1949-, Šúbertová, Elena
Formato: Livro
Idioma:eslovaco
inglês
tcheco
Publicado em: Bratislava Vydavateľstvo EKONÓM 2009
Assuntos:
Tags: Adicionar Tag
Sem tags, seja o primeiro a adicionar uma tag!

MARC

LEADER 00000nlm$a2200000$$$4500
001 0108749
005 20240104120255.9
020 |a 978-80-225-2873-3 
041 0 |a slo 
041 0 |a eng 
041 0 |a cze 
044 |a SK 
245 1 0 |a EDAMBA 2009  |b medzinárodná vedecká konferencia doktorandov a mladých vedeckých pracovníkov : zborník  |c zborník zostavila Petra Némethová 
264 1 |a Bratislava  |b Vydavateľstvo EKONÓM  |c 2009 
300 |a CD-ROM 
610 2 0 |a ekonómia 
610 2 0 |a obchod medzinárodný 
610 2 0 |a rast hospodársky 
610 2 0 |a trh 
700 1 |a Némethová, Petra 
700 1 |a Lesáková, Dagmar, 1949- 
700 1 |a Šúbertová, Elena 
110 2 |a EDAMBA 2009. Medzinárodná vedecká konferencia doktorandov 
710 2 |a Ekonomická univerzita v Bratislave